000 01930cam a22004697a 4500
001 13722497
003 OSt
005 20150408113748.0
008 040917s2004 gw 001 0 eng d
010 _a 2004113649
016 7 _a972314482
_2GyFmDB
020 _a3540231684 (pbk.)
035 _a(OCoLC)ocm56878918
040 _aOHX
_cOHX
_dKKS
_dCUS
_dC$Q
_dDLC
042 _alccopycat
050 0 0 _aQA76.8.A73
_bA73 2004
072 7 _aQ
_2lcco
082 0 0 _a004.22
_222
245 0 0 _aArchitecting dependable systems II /
_cRogério de Lemos, Cristina Gacek, Alexander Romanovsky (eds.).
246 3 _aArchitecting dependable systems 2
246 3 _aArchitecting dependable systems two
260 _aBerlin ;
_aNew York :
_bSpringer,
_c2004.
300 _axii, 350 p. :
_bill. ;
_c24 cm.
490 1 _aLecture notes in computer science,
_x0302-9743 ;
_v3069.
_aState-of-the-art survey
500 _aEarlier vol. has title: Architecting dependable systems.
504 _aIncludes bibliographical references and index.
530 _aAlso issued online.
650 0 _aComputer architecture.
650 0 _aComputer systems
_xReliability.
_97909
650 0 _aFault-tolerant computing.
_97910
700 1 _aLemos, Rogério de,
_d1961-
_97911
700 1 _aGacek, Cristina,
_d1964-
_97912
700 1 _aRomanovsky, Alexander,
_d1954-
_97913
740 0 _aArchitecting dependable systems.
830 0 _aLecture notes in computer science ;
_v3069.
_97914
830 0 _aLecture notes in computer science.
_pState-of-the-art survey.
_93456
856 4 1 _uhttp://www.springerlink.com/openurl.asp?genre=issue&issn=0302-9743&volume=3069
_zRestricted to Springer LINK subscribers
856 4 2 _3Publisher description
_uhttp://www.loc.gov/catdir/enhancements/fy0823/2004113649-d.html
942 _2ddc
_cBOOK
999 _c3657
_d238157